000 00863nam a2200289Ia 4500
003 OSt
005 20221007122358.0
006 a|||||r|||| 00| 0
007 ta
008 221006b |||||||| |||| 00| 0 eng d
020 _a9783540770138 (pbk)
024 _a82667
037 _b37, 18/12/2008, Aviva Books Company
_cTextbook
040 _aPAPL
_cPAPL
_beng
041 _2eng
_aeng
082 _aCN30, P8 Carpa
100 _aRadovanovic Voja
_9714157
245 0 _aProblem book in quantum field theory
250 _a2
260 _aNew
_bYork Springer
_c2008
300 _ax, 243p.
_ccm.
500 _aReferences 239-240p.; Index 241-243p.
650 _a Quantum physics
650 _aPhysics
942 _hCN30, P8 Carpa
_cTB
_2CC
999 _c1210241
_d1210241